000 00376nam a2200133Ia 4500
008 220217s9999||||xx |||||||||||||| ||und||
020 _a978-81-317-1392-1
082 _a05.73 KAM
100 _aKamthane, Ashok, N
245 0 _aIntroduction to data structures in C
260 _aPearson education of asia
_bNew Delhi
_c2008
300 _b226
650 _aDATA STRUCTURES
999 _c177171
_d177171